| 000 | 01130nas a2200325 4500 | ||
|---|---|---|---|
| 001 | BR2013006902 | ||
| 003 | BR-BrBNA | ||
| 005 | 20231205122943.0 | ||
| 007 | ta | ||
| 008 | 230509b bl.|||p| |||| 00| 00por d | ||
| 040 |
_aBR-BrBNA _bpor _cBiblioteca Nacional de Agricultura |
||
| 041 | _a(Pt) | ||
| 072 | _aJ10; F03 | ||
| 100 | 1 | _aFior, C.S. | |
| 100 | 1 | _aLia Rosane, R. | |
| 100 | 1 | _aCalil, A.C. | |
| 100 | 1 | _aLeonhardt, C. | |
| 100 | 1 | _aSouza, L. dos S. de | |
| 100 | 1 | _aSilva, V.S. da | |
| 245 | 1 | _aQualidade fisiológica de sementes de guabijuzeiro (Myrcianthes pungens (Berg)Legrand - Myrtaceae)em armazenamento | |
| 246 | 1 | _aPhysiological quality of guabijuzeiro (Myrcianthes pungens (Berg)Legrand - myrtaceae)seeds under storage | |
| 650 | _aSEMENTE | ||
| 650 | _aQUALIDADE | ||
| 650 | _aARMAZENAMENTO | ||
| 650 | _aGERMINAÇÃO | ||
| 773 | 0 |
_tRevista Árvore (Brazil) _xISSN 0100-6762 _g(May-Jun 2010), v. 34(3) p. 435-442 _wBR2013006902 |
|
| 856 | 4 |
_uhttp://www.scielo.br/pdf/rarv/v34n3/a07v34n3.pdf _yRecurso eletrônico (PDF) |
|
| 909 |
_a202311 _bLúcia _c55 _dLúcia Elande |
||
| 942 |
_2AGRIS _n0 _cANA |
||
| 999 |
_c231438 _d231438 |
||